Tech Talk. Elementary: Teacher's Book

書目詳細資料
主要作者: Hollett V. Vicki
總結:Tech Talk is a practical three-level course foIt learners in the technical, indus communication at work s-on taseking specifications uggesting a solution, explaining functionality, oroffering help. From maintenance to customer service and from manufacturing to technical support, the focus is always on getting the job done. This Teacher's Book offers full teaching notes for every Student's Book unit, answers to all the exercises, plus extra activities, and information and ideas for non-specialist teachers. The Tech Talk package includes: Student's Book, Teacher's Book, Workbook, Audio CD, Online tests and additional materials.
語言:英语
出版: New York, Oxford University Press, 2009
叢編:Oxford Business English
主題:
格式: MixedMaterials 圖書
KOHA link:https://koha.lib.tpu.ru/cgi-bin/koha/opac-detail.pl?biblionumber=238211

MARC

LEADER 00000nam0a2200000 4500
001 238211
005 20231101231607.0
010 |a 9780194574549 
035 |a (RuTPU)RU\TPU\book\259397 
035 |a RU\TPU\book\213150 
090 |a 238211 
100 |a 20130523d2009 m y0engy50 ba 
101 0 |a eng 
102 |a US 
105 |a a j 000zy 
200 1 |a Tech Talk. Elementary  |e Teacher's Book  |f V. Hollett 
210 |a New York  |c Oxford University Press  |d 2009 
215 |a 93 p.  |c il. 
225 1 |a Oxford Business English 
330 |a Tech Talk is a practical three-level course foIt learners in the technical, indus communication at work s-on taseking specifications uggesting a solution, explaining functionality, oroffering help. From maintenance to customer service and from manufacturing to technical support, the focus is always on getting the job done. This Teacher's Book offers full teaching notes for every Student's Book unit, answers to all the exercises, plus extra activities, and information and ideas for non-specialist teachers. The Tech Talk package includes: Student's Book, Teacher's Book, Workbook, Audio CD, Online tests and additional materials. 
606 1 |a Английский язык  |x Учебные руководства и пособия  |x Пособия по развитию речи, разговорники  |2 stltpush  |3 (RuTPU)RU\TPU\subj\29074  |9 52486 
610 1 |a лексика 
610 1 |a техника 
610 1 |a техническая лексика 
610 1 |a упражнения 
610 1 |a методика 
610 1 |a преподавание 
686 |a Ш143.21-923  |v LBC/SL-A  |2 rubbk 
686 |a Ш143.21-91  |v LBC/SL-A  |2 rubbk 
700 1 |a Hollett  |b V.  |g Vicki 
801 1 |a RU  |b 63413507  |c 20090909 
801 2 |a RU  |b 63413507  |c 20170606  |g RCR 
942 |c BK